[Event "Asian Continental 2013"]
[Site "Manila PHI"]
[Date "2013.05.19"]
[Round "2.1"]
[White "Le Quang Liem"]
[Black "Batchuluun,T"]
[Result "1-0"]
[WhiteElo "2714"]
[BlackElo "2507"]

1.d4 Nf6 2.c4 e6 3.Nf3 d5 4.Nc3 Be7 5.Bf4 O-O 6.a3 c5 7.dxc5 Bxc5 8.e3 Nc6
9.Qc2 Qa5 10.Rd1 Be7 11.Be2 Ne4 12.cxd5 Nxc3 13.Qxc3 Qxc3+ 14.bxc3 exd5 15.Rxd5 Bxa3
16.O-O Be6 17.Rb5 b6 18.Ng5 Rfe8 19.Ra1 Bc5 20.Bf3 Rec8 21.Nxe6 fxe6 22.Ra6 Nb8
23.Ra4 Nc6 24.Ra6 Nb8 25.Bxb8 Raxb8 26.Rxa7 Re8 27.g3 Kf8 28.Be4 h6 29.Bg6 Re7
30.Ra4 Rd7 31.h4 Ke7 32.Rb2 Rbd8 33.h5 Rd2 34.Rxd2 Rxd2 35.Kf1 Rd7 36.Ke2 Rd8
37.f4 Bd6 38.Bd3 Rc8 39.Kd2 Rd8 40.Ra6 Bc5 41.Ke2 Rd5 42.Bg6 Rd8 43.Be4 Rd6
44.Ra2 Rd7 45.Bc6 Rc7 46.Bb5 Bd6 47.c4 e5 48.Kf3 Kf6 49.Ra8 Bc5 50.e4 Bd4
51.Kg4 Bc5 52.Re8 Be7 53.Rb8 Bc5 54.Rd8 Bb4 55.Rd5 Re7 56.Bd7 Bc5 57.Bf5 Bb4
58.Bg6 Bc5 59.Rd8 Rc7 60.Rb8 Ke6 61.Bh7 Kf6 62.Bg8 Ra7 63.Re8 Be7 64.Rc8 Rd7
65.Rc6+ Rd6 66.Rc7  1-0

[Event "22nd TCh-CRO Cup 2013"]
[Site "Bol na Bracu CRO"]
[Date "2013.05.23"]
[Round "2.12"]
[White "Kuljasevic,D"]
[Black "Vukoje,V"]
[Result "1-0"]
[WhiteElo "2578"]
[BlackElo "2374"]

1.d4 d5 2.c4 e6 3.Nc3 Nf6 4.Nf3 Be7 5.Bf4 O-O 6.e3 c5 7.dxc5 Bxc5 8.Qc2 Nc6
9.a3 Qa5 10.Rd1 Be7 11.Be2 dxc4 12.Bxc4 e5 13.Bg3 Bg4 14.O-O Rac8 15.Rc1 a6
16.Ng5 Bh5 17.Nd5 Bg6 18.Nxe7+ Nxe7 19.Qb3 b5 20.Bd3 e4 21.Bb1 h6 22.Nh3 Ned5
23.Nf4 Nxf4 24.Bxf4 Bh5 25.Be5 Rxc1 26.Rxc1 Qd2 27.Qc3 Rd8 28.Bd4 Qe2 29.h3 Bg6
30.Re1 Qh5 31.Qc7 Rd5 32.Rc1 Rg5 33.Qd8+ Kh7 34.Bxf6 Rd5 35.g4 Qxh3 36.Qxd5 Qxg4+
37.Kf1 gxf6 38.Qd6 Bh5 39.Qf4 Qh3+ 40.Ke1  1-0

[Event "Chicago Open 2013"]
[Site "Wheeling USA"]
[Date "2013.05.24"]
[Round "3.1"]
[White "Holt,C"]
[Black "So,W"]
[Result "1/2-1/2"]
[WhiteElo "2513"]
[BlackElo "2705"]

1.d4 d5 2.c4 e6 3.Nc3 Be7 4.Nf3 Nf6 5.Bf4 O-O 6.e3 Nbd7 7.Be2 dxc4 8.O-O Nb6
9.Ne5 Nfd5 10.Bg3 c5 11.Rc1 Bd7 12.dxc5 Bxc5 13.Ne4 Be7 14.Nxc4 Nxc4 15.Rxc4 Qb6
16.b3 Bb5 17.Rd4 f5 18.Bxb5 Qxb5 19.Nd6 Bxd6 20.Bxd6 Nc3 21.Qa1 Rfc8 22.Rd2 Ne4
23.Rdd1 Nc3 24.Rd2 Ne4 25.Rdd1 Nc3 26.Rd2  1/2-1/2

[Event "e2e4 Sunningdale Open"]
[Site "Ascot ENG"]
[Date "2013.05.25"]
[Round "2"]
[White "Williams,Si1"]
[Black "Croad,N"]
[Result "1-0"]
[WhiteElo "2511"]
[BlackElo "2277"]

1.d4 Nf6 2.c4 e6 3.Nf3 d5 4.Nc3 Be7 5.Bf4 O-O 6.e3 Nbd7 7.Qc2 c5 8.Rd1 cxd4
9.Rxd4 Qa5 10.Bg3 Nb6 11.c5 Bxc5 12.Rh4 Ne4 13.Nd2 Bb4 14.Bd6 Rd8 15.Bc7 Rd7
16.Be5 f5 17.Nb3 Qa4 18.a3 Bxc3+ 19.Bxc3 Nc4 20.Bd3 Rc7 21.Bxe4 dxe4 22.Qd1 Qe8
23.Nd2 Nxd2 24.Qxd2 Rd7 25.Qe2 Rd5 26.g4 Qb5 27.Qxb5 Rxb5 28.gxf5 exf5 29.Rg1 g6
30.Rh6 Bd7 31.Rgxg6+ hxg6 32.Rh8+ Kf7 33.Rxa8 a6 34.h4 f4 35.Rd8 Bc6 36.Rd6 Rf5
37.Bd4 fxe3 38.fxe3 a5 39.Kd2 Be8 40.b4 axb4 41.axb4 Ke7 42.Bc5 Kf7 43.Kc3 g5
44.hxg5 Rxg5 45.Kc4 Rg6 46.Rd8 b6 47.Bd6 Rg5 48.Bf4 Rf5 49.Rb8 b5+ 50.Kd4 Bc6
51.Be5 Ke6 52.Rh8 Rf1 53.Rh6+  1-0

[Event "22nd TCh-CRO Cup 2013"]
[Site "Bol na Bracu CRO"]
[Date "2013.05.26"]
[Round "6.11"]
[White "Kozul,Z"]
[Black "Lalic,B"]
[Result "1/2-1/2"]
[WhiteElo "2624"]
[BlackElo "2493"]

1.d4 Nf6 2.c4 e6 3.Nf3 d5 4.Nc3 Be7 5.Bf4 O-O 6.e3 Nbd7 7.c5 Ne4 8.Rc1 c6
9.Bd3 f5 10.h3 Bf6 11.O-O Qe8 12.Ne2 e5 13.dxe5 Nxe5 14.Nxe5 Bxe5 15.Bxe5 Qxe5
16.b4 Bd7 17.f4 Qe7 18.Bxe4 Qxe4 19.Qd2 Rfe8 20.Rf3 a5 21.bxa5 Qa4 22.Rg3 Bc8
23.Qb2 Re7 24.Qf6 Qe4 25.Nd4 Rxa5 26.Kh1 Ra3 27.Re1 Bd7 28.Qd6 Rxa2 29.h4 Ra8
30.h5 Rf7 31.h6 Qe7 32.Nf3 Qxd6 33.cxd6 g6 34.Ne5 c5 35.Rf3 Bc6 36.Rf2  1/2-1/2

[Event "ch-CZE w 2013"]
[Site "Ledec nad Sazavou CZE"]
[Date "2013.05.27"]
[Round "5.4"]
[White "Orsagova,S"]
[Black "Pychova,Nela"]
[Result "1/2-1/2"]
[WhiteElo "2182"]
[BlackElo "1884"]

1.d4 d5 2.Nf3 Nf6 3.c4 e6 4.Nc3 Be7 5.Bf4 O-O 6.e3 b6 7.Rc1 c5 8.dxc5 Bxc5
9.cxd5 Nxd5 10.Nxd5 exd5 11.a3 a5 12.Be2 Bb7 13.O-O Nc6 14.Ne5 Nxe5 15.Bxe5 Qe7
16.Bd4 Rfd8 17.Bf3 Rac8 18.h3 f5 19.Qd3 Qf7 20.b4 axb4 21.axb4 Bxb4 22.Bxb6 Re8
23.Rxc8 Rxc8 24.Rd1 Bc5 25.Bxc5 Rxc5 26.Qb3 h6 27.Rb1 Rc7 28.Qd3 Rc5 29.Qa3 Rc7
30.Qd6 Rd7 31.Qe5 Re7 32.Qd4 Kh7 33.Qd3 g6 34.Rb6 Rc7 35.Rb1  1/2-1/2

[Event "Makedonia Palace GP"]
[Site "Thessaloniki GRE"]
[Date "2013.05.27"]
[Round "5.3"]
[White "Svidler,P"]
[Black "Topalov,V"]
[Result "1/2-1/2"]
[WhiteElo "2769"]
[BlackElo "2793"]

1.d4 Nf6 2.c4 e6 3.Nf3 d5 4.Nc3 Be7 5.Bf4 O-O 6.e3 Nbd7 7.c5 c6 8.h3 b6 9.b4 a5
10.a3 Ba6 11.Bxa6 Rxa6 12.b5 cxb5 13.c6 Qc8 14.c7 b4 15.Nb5 a4 16.axb4 Bxb4+
17.Ke2 Ra5 18.Qd3 Ne4 19.Rhc1 Qa6 20.Nd6 Qxd3+ 21.Kxd3 Bxd6 22.c8=Q Rxc8
23.Rxc8+ Nf8 24.Bxd6 Nxd6 25.Rd8 Nc4 26.Ne5 Nxe5+ 27.dxe5 g5 28.f4 Kg7 29.g3 h5
30.Kc3 Ng6 31.Kb4 Rc5 32.Rxa4 h4 33.gxh4 gxf4 34.exf4 Rc4+ 35.Kb5 Rxa4 36.Kxa4 Nxf4
37.Kb5 Ng6 38.h5 Nxe5 39.Kxb6 Nd3 40.Rd7 Ne5 41.Rd8 Nd3 42.Rd7 Ne5 43.Rd8 Nd3  1/2-1/2

[Event "Mitropa Aronian vs Prinzen Simul"]
[Site "Meissen GER"]
[Date "2013.05.31"]
[Round "1"]
[White "Aronian,L"]
[Black "Svane,R"]
[Result "1-0"]
[WhiteElo "2813"]
[BlackElo "2440"]

1.d4 Nf6 2.Nf3 d5 3.c4 e6 4.Nc3 Be7 5.Bf4 O-O 6.Rc1 c5 7.dxc5 Bxc5 8.e3 Nc6
9.a3 d4 10.exd4 Nxd4 11.b4 Nxf3+ 12.Qxf3 Bd4 13.Nb5 e5 14.Bg5 e4 15.Qg3 h6
16.Rd1 hxg5 17.Rxd4 Bd7 18.Be2 a5 19.O-O axb4 20.axb4 Ra2 21.Re1 Qa8 22.Bf1 Bxb5
23.cxb5 Ra1 24.Qc3 Rxe1 25.Qxe1 Rc8 26.h3 Qa3 27.b6 Rc1 28.Rd1 Rc6 29.Qd2 Kh7
30.Qxg5 Qxb4 31.Qh4+ Kg6 32.Rd3 Qb1 33.Rg3+ Kf5 34.Rg5+ Ke6 35.Qf4 Rc1 36.Qe5+ Kd7
37.Qd4+ Kc6 38.Qa4+ Kd6 39.Kh2 Qxb6 40.Qa3+ Rc5 41.Rxg7 Ke7 42.Bc4 Qd6+ 43.g3 Nd5
44.Bxd5 Rxd5 45.Qe3 Qe5 46.Rg4 f5 47.Rg6 Rd6 48.Qg5+ Kd7 49.Rg7+ Kc6 50.Qc1+ Kd5
51.Rxb7  1-0

[Event "Grand Europe Open Albena"]
[Site "Albena BUL"]
[Date "2013.06.01"]
[Round "1.47"]
[White "Chighladze,I"]
[Black "Kostov,Stracimir"]
[Result "1-0"]
[WhiteElo "2396"]
[BlackElo "1934"]

1.d4 d5 2.c4 e6 3.Nf3 Nf6 4.Nc3 Be7 5.Bf4 O-O 6.e3 b6 7.cxd5 exd5 8.Bd3 c5
9.b3 Nc6 10.dxc5 bxc5 11.O-O Bg4 12.h3 Bh5 13.Rc1 Rc8 14.Ba6 Qd7 15.Bxc8 Rxc8
16.Na4 Ne4 17.Ne5 Nxe5 18.Qxh5 Nd3 19.Rcd1 Nxf4 20.exf4 f5 21.Rc1 Rc6 22.Rfd1 Rg6
23.Qe2 Qd6 24.Nc3 Bh4 25.Nxe4 fxe4 26.Qh5 Bxf2+ 27.Kxf2 Qxf4+ 28.Kg1 Rd6
29.Qe8+  1-0

[Event "Icelandic Open Championship 2013"]
[Site "Reykjavik ISL"]
[Date "2013.06.01"]
[Round "3.2"]
[White "Stefansson,H"]
[Black "Ptacnikova,L"]
[Result "1-0"]
[WhiteElo "2507"]
[BlackElo "2255"]

1.d4 Nf6 2.c4 e6 3.Nf3 d5 4.Nc3 Be7 5.Bf4 O-O 6.e3 c5 7.a3 b6 8.dxc5 bxc5
9.Be2 Nc6 10.Ne5 Nxe5 11.Bxe5 Nd7 12.Bg3 Nb6 13.cxd5 exd5 14.O-O Be6 15.Nb5 Bf5
16.a4 Qd7 17.Nc7 Rad8 18.Bb5 Qc8 19.a5 Na8 20.Nxd5 Bg5 21.Bc4 Be4 22.Qb3 Qf5
23.Nc3 Bc2 24.Qb7 h5 25.h4 Bh6 26.Rac1 Rd2 27.Bd5 Rd8 28.Rxc2 Qxc2 29.Qxf7+ Kh8
30.Be4 Qxb2 31.Qg6 Kg8 32.Qe6+ Kf8 33.Bd5  1-0

[Event "6th Mayors Cup 2013"]
[Site "Mumbai IND"]
[Date "2013.06.04"]
[Round "9"]
[White "Gagunashvili,M"]
[Black "Karthikeyan,M2"]
[Result "1-0"]
[WhiteElo "2592"]
[BlackElo "2435"]

1.d4 d5 2.c4 e6 3.Nf3 Nf6 4.Nc3 Be7 5.Bf4 O-O 6.e3 c5 7.dxc5 Bxc5 8.a3 Nc6
9.Qc2 Qa5 10.Nd2 Be7 11.Bg3 Bd7 12.Be2 Rac8 13.O-O Qd8 14.Qd3 Na5 15.cxd5 Nxd5
16.Nxd5 exd5 17.b4 Nc4 18.Qxd5 Nxd2 19.Qxd2 Bf6 20.Rad1 Ba4 21.Qxd8 Rfxd8
22.Rxd8+ Bxd8 23.Be5 b5 24.g3 Bf6 25.Bxf6 gxf6 26.Ra1 Kf8 27.Kf1 Ke7 28.Bd3 h6
29.Ke2 a6 30.Kd2 Kd6 31.Rc1 Re8 32.Rc5 Bb3 33.Rh5 Rh8 34.g4 Be6 35.f3 Ke7
36.h4 Rd8 37.Kc3 Rh8 38.Be4 Rc8+ 39.Rc5 Rxc5+ 40.bxc5 Kd7 41.Kb4 Kc7 42.Ka5 Bc4
43.f4 Be2 44.g5 fxg5 45.fxg5 hxg5 46.hxg5 Bc4 47.Bg2  1-0

[Event "70th ch-GEO w 2013"]
[Site "Tbilisi GEO"]
[Date "2013.06.04"]
[Round "8.1"]
[White "Batsiashvili,N"]
[Black "Kuchava,A"]
[Result "1-0"]
[WhiteElo "2390"]
[BlackElo "2098"]

1.d4 d5 2.c4 e6 3.Nc3 Be7 4.Nf3 Nf6 5.Bf4 c5 6.dxc5 Bxc5 7.e3 Nc6 8.a3 O-O
9.Qc2 Qa5 10.Rd1 Be7 11.Be2 a6 12.O-O dxc4 13.Bxc4 h6 14.e4 g5 15.Bd2 Qc7
16.Ne2 Ne5 17.Nxe5 Qxe5 18.Ng3 b5 19.Bc3 Qf4 20.Ba2 Rd8 21.e5 Nh7 22.Rxd8+ Bxd8
23.Rd1 Be7 24.Rd4  1-0

[Event "FIDE World Rapid 2013"]
[Site "Khanty-Mansiysk RUS"]
[Date "2013.06.06"]
[Round "1.22"]
[White "Khismatullin,D"]
[Black "Skatchkov,P"]
[Result "1-0"]
[WhiteElo "2658"]
[BlackElo "2486"]

1.c4 e6 2.Nf3 d5 3.d4 Nf6 4.Nc3 Be7 5.Bf4 O-O 6.a3 c6 7.e3 Nbd7 8.Qc2 b6
9.Rd1 Bb7 10.Bd3 h6 11.O-O Nh5 12.Be5 f6 13.Bg3 Nxg3 14.hxg3 f5 15.b4 a6
16.c5 a5 17.Rb1 axb4 18.axb4 b5 19.Nxb5 cxb5 20.Bxb5 Rc8 21.Rfc1 Nb6 22.Nd2 Nd7
23.Ra1 Nf6 24.Ra7 Rc7 25.Bd3 Qb8 26.Rca1 Ng4 27.b5 Rfc8 28.Nb3 h5 29.b6 Rc6
30.Rxb7 Qxb7 31.Ra6 Qb8 32.Na5 Rxc5 33.dxc5 Rxc5 34.Qb1 h4 35.b7 Kh7 36.Ra8  1-0

[Event "FIDE World Rapid 2013"]
[Site "Khanty-Mansiysk RUS"]
[Date "2013.06.06"]
[Round "3.5"]
[White "Le Quang Liem"]
[Black "Ponomariov,R"]
[Result "1/2-1/2"]
[WhiteElo "2712"]
[BlackElo "2743"]

1.d4 Nf6 2.c4 e6 3.Nf3 d5 4.Nc3 Be7 5.Bf4 O-O 6.a3 b6 7.e3 c5 8.dxc5 bxc5
9.Be2 Bb7 10.O-O Nbd7 11.Rc1 Qb6 12.h3 Rfd8 13.cxd5 Nxd5 14.Nxd5 exd5 15.Qc2 Rac8
16.Rfd1 c4 17.Nd4 Bf6 18.Bg4 g6 19.Qa4 Nc5 20.Qb4 Ra8 21.Qxb6 axb6 22.Bc7 Re8
23.Rc2 Bxd4 24.exd4 Na4 25.Rb1 Bc8 26.b3 cxb3 27.Rxb3 Bxg4 28.hxg4 Rec8 29.Rc1 Ra7
30.Bf4 Rxc1+ 31.Bxc1 f6 32.Bd2 Kf7 33.Kf1 Rc7 34.Ke2 Rc2 35.Kd1 Rc4 36.Be3 g5
37.Kd2 Ke6 38.Kd3 Kd7 39.Bd2 Kc6 40.Rb1 Kd7 41.Bb4 Rc7 42.g3 Ke6 43.Re1+ Kf7
44.Re2 Kg6 45.f3 h5 46.gxh5+ Kxh5 47.Re6 Kg6 48.Re2 Rc1 49.g4 Rd1+ 50.Ke3 Rb1
51.Rc2 Nb2 52.Rc7 Nc4+ 53.Kf2 Rb2+ 54.Ke1 Ne3 55.Bf8 f5 56.Rg7+ Kf6 57.gxf5 Kxf5
58.Be7 Rg2 59.Bd8 b5 60.Rf7+ Kg6 61.Rf6+ Kh5 62.Re6 Nc2+ 63.Kf1 Nxd4 64.Re5 Nxf3
65.Rf5 Kg4 66.Rxd5 Rd2 67.Rxd2 Nxd2+ 68.Ke2 Nc4 69.Kd3 Ne5+ 70.Ke4 Nc4 71.Kd4 Nxa3
72.Kc5 Kf5 73.Bxg5 Kxg5 74.Kb4 Kf4 75.Kxa3 Ke5 76.Kb4 Kd4 77.Kxb5 Ke5  1/2-1/2

[Event "Grand Europe Open Albena"]
[Site "Albena BUL"]
[Date "2013.06.07"]
[Round "7.17"]
[White "Georgescu,T"]
[Black "Gavrilov,Al1"]
[Result "1/2-1/2"]
[WhiteElo "2375"]
[BlackElo "2454"]

1.Nf3 d5 2.d4 Nf6 3.c4 e6 4.Nc3 Be7 5.Bf4 O-O 6.Rc1 b6 7.cxd5 Nxd5 8.Nxd5 Qxd5
9.a3 Bd6 10.Bxd6 cxd6 11.e3 Nc6 12.Bc4 Qa5+ 13.Qd2 Bd7 14.d5 Qxd2+ 15.Nxd2 Ne5
16.dxe6 fxe6 17.O-O a5 18.Be2 Rac8 19.f4 Nf7 20.Ba6 Ra8 21.Bb7 Ra7 22.Bc6 Rb8
23.Nf3 Rc7 24.Bxd7 Rxd7 25.Rfd1 Kf8 26.Rd2 Ke7 27.Nd4 Nd8 28.Kf2 g6 29.Kf3 Rbb7
30.Nb5 d5 31.Rc8 Nf7 32.Rdc2 e5 33.g3 g5 34.Rg8 gxf4 35.gxf4 d4 36.exd4 Rd5
37.a4 exd4 38.Nc7 Rf5 39.Re2+ Kd6 40.Nb5+ Kc5 41.Rc8+ Kb4 42.Nxd4 Rc5 43.Rc2 Rxc8
44.Rxc8 Rd7 45.Ke3 Nd6 46.Rc6 Nc4+ 47.Ke4 Nd6+ 48.Kd3 Kxa4 49.Ke2 b5 50.Rc3 Ne4
51.Ra3+ Kb4 52.Nc6+ Kc5 53.Ne5 Rd2+ 54.Ke1 Rxh2 55.Rf3 b4 56.f5 Rf2 57.Nd3+ Kd5
58.Rxf2 Nxf2 59.Kd2 b3 60.Ke2 Ne4 61.Ke3 Ng5 62.Kf4 h6 63.Kg3  1/2-1/2

[Event "French Top 12 2013"]
[Site "Haguenau FRA"]
[Date "2013.06.08"]
[Round "10.1"]
[White "Ragger,M"]
[Black "Svetushkin,D"]
[Result "1-0"]
[WhiteElo "2666"]
[BlackElo "2588"]

1.d4 Nf6 2.c4 e6 3.Nf3 d5 4.Nc3 Be7 5.Bf4 O-O 6.a3 b6 7.e3 c5 8.dxc5 bxc5
9.Be2 Bb7 10.O-O Nbd7 11.Rc1 Rc8 12.cxd5 exd5 13.Qb3 Qb6 14.Qxb6 axb6 15.Rfd1 Rfd8
16.h3 h6 17.Nh4 Bf8 18.Nf5 c4 19.Bd6 Ra8 20.Be7 Rdb8 21.Bf3 Ra5 22.Bb4 Ne5
23.Bxa5 Nxf3+ 24.gxf3 bxa5 25.Nd4 Bc8 26.Nc6 Rb6 27.Nxa5 Ra6 28.b4 cxb3 29.Nxb3 Rxa3
30.Nxd5 Bxh3 31.Nxf6+ gxf6 32.Nc5 Kh7 33.Ne4 Bg7 34.Rc7 Be6 35.Nc5 Ba2 36.Nb7 Ra7
37.Rdc1 Kg6 38.Nd6 Rxc7 39.Rxc7 f5 40.Ne8 Bf8 41.Rc6+ Kg5 42.Nf6 Be7 43.f4+  1-0

[Event "35th Nezhmetdinov Cup"]
[Site "Kazan RUS"]
[Date "2013.06.08"]
[Round "9.19"]
[White "Shinkevich,V"]
[Black "Ospennikov,D"]
[Result "1-0"]
[WhiteElo "2478"]
[BlackElo "2232"]

1.d4 d5 2.c4 e6 3.Nf3 Nf6 4.Nc3 Be7 5.Bf4 O-O 6.e3 c5 7.dxc5 Qa5 8.Nd2 Qxc5
9.a3 dxc4 10.Nxc4 Rd8 11.Qc1 b5 12.b4 Qf5 13.Ne5 g5 14.Bg3 Ne4 15.Nxe4 Qxe4
16.Be2 Bxb4+ 17.axb4 Qxb4+ 18.Kf1 a5 19.h4 g4 20.h5 Ra7 21.Rh4 f5 22.Nxg4  1-0

[Event "French Top 12 2013"]
[Site "Haguenau FRA"]
[Date "2013.06.09"]
[Round "11.6"]
[White "Relange,E"]
[Black "Roos,Dan"]
[Result "1/2-1/2"]
[WhiteElo "2470"]
[BlackElo "2347"]

1.d4 d5 2.c4 e6 3.Nf3 Nf6 4.Nc3 Be7 5.Bf4 O-O 6.e3 c6 7.h3 b6 8.Bd3 Bb7 9.O-O Nbd7
10.Qe2 dxc4 11.Bxc4 Nd5 12.Rac1 Nxf4 13.exf4 Nf6 14.Rfe1 Bd6 15.Ne5 Rc8 16.Ne4  1/2-1/2

[Event "French Top 12 2013"]
[Site "Haguenau FRA"]
[Date "2013.06.09"]
[Round "11.4"]
[White "Song,Ju"]
[Black "Apicella,M"]
[Result "0-1"]
[WhiteElo "2417"]
[BlackElo "2532"]

1.d4 e6 2.c4 Nf6 3.Nf3 d5 4.Nc3 Be7 5.Bf4 O-O 6.e3 Nbd7 7.Qc2 a6 8.cxd5 exd5
9.Bd3 c6 10.O-O Re8 11.Ne5 Nf8 12.h3 N6d7 13.Nxf7 Kxf7 14.Nxd5 Ne6 15.Nxe7 Qxe7
16.Bh2 Nf6 17.Be5 Kg8 18.f4 Kh8 19.Rae1 c5 20.d5 Nxd5 21.Bxh7 Nb4 22.Qb1 Nc6
23.Bc3 Nf8 24.Bc2 b5 25.f5 Ne5 26.Rf4 Qg5 27.Be4 Ra7 28.h4 Qf6 29.Qd1 Rae7
30.Qh5+ Nh7 31.g4 Qf7 32.Qxf7 Nxf7 33.Bc6 Bd7 34.Bxd7 Rxd7 35.a3 Nf6 36.g5 Nd5
37.Rf2 Nxc3 38.bxc3 Ne5  0-1

[Event "FIDE World Blitz 2013"]
[Site "Khanty-Mansiysk RUS"]
[Date "2013.06.09"]
[Round "5.6"]
[White "Potkin,V"]
[Black "Sargissian,G"]
[Result "1/2-1/2"]
[WhiteElo "2647"]
[BlackElo "2671"]

1.c4 e6 2.Nc3 d5 3.d4 Be7 4.Nf3 Nf6 5.Bf4 O-O 6.e3 b6 7.Bd3 c5 8.O-O cxd4
9.Nxd4 Bb7 10.Qe2 Nbd7 11.Bg3 Nc5 12.Bc2 Ba6 13.Ndb5 Bb7 14.Rfd1 Qd7 15.cxd5 exd5
16.Nd4 g6 17.Rac1 Rac8 18.h3 a6 19.Be5 Rfe8 20.Qf3 Nce4 21.Nxe4 Nxe4 22.Bf4 Bf8
23.Bb3 Bg7 24.Rxc8 Rxc8 25.Qe2 b5 26.Qd3 Nc5 27.Qd2 Nxb3 28.Nxb3 Qe8 29.Bd6 Qc6
30.Na5 Qxd6 31.Nxb7 Qe5 32.b3 Rc7 33.Na5 Qc3 34.b4 Qxd2 35.Rxd2 Bc3 36.Rc2 Be5
37.Rxc7 Bxc7 38.Nc6 Kf8 39.Kf1 Ke8 40.Ke2 Kd7 41.Nd4 Bd6 42.a3 Kc7 43.Kd3 Kb6
44.Nb3 Be5 45.Nd4 Bd6 46.Nb3 Be5 47.Nd4 Bd6  1/2-1/2

[Event "8th Tal Mem Blitz"]
[Site "Moscow RUS"]
[Date "2013.06.12"]
[Round "9"]
[White "Mamedyarov,S"]
[Black "Carlsen,M"]
[Result "1-0"]
[WhiteElo "2753"]
[BlackElo "2864"]

1.d4 Nf6 2.c4 e6 3.Nf3 d5 4.Nc3 Be7 5.Bf4 O-O 6.Rc1 b6 7.e3 Ba6 8.Qa4 Bxc4
9.Bxc4 dxc4 10.Qxc4 c5 11.dxc5 Bxc5 12.O-O Nbd7 13.Rfd1 Qc8 14.Nb5 Qb7 15.Ne5 Rfc8
16.Nxd7 Nxd7 17.Nc7 Rxc7 18.Bxc7 Qxc7 19.b4 Rc8 20.Qb5 Rd8 21.Rd2 h6 22.Rcd1 a6
23.Qc4 Kf8 24.bxc5 bxc5 25.h3 Ke7 26.Qh4+ Ke8 27.Qg4 g6 28.Qh4 h5 29.Qc4 Qc6
30.Rd6 Qb5 31.Qf4 c4 32.Qd4 Ke7 33.Qc3 a5 34.R6d4 Qb4 35.Qxb4+ axb4 36.Rxc4 Ke8
37.Rcd4 e5 38.Rd6 Ke7 39.R1d5  1-0

[Event "72nd ch-GEO 2013"]
[Site "Tbilisi GEO"]
[Date "2013.06.12"]
[Round "1.4"]
[White "Gagunashvili,M"]
[Black "Maghalashvili,Da"]
[Result "1-0"]
[WhiteElo "2601"]
[BlackElo "2521"]

1.d4 d5 2.c4 e6 3.Nf3 Nf6 4.Nc3 Be7 5.Bf4 O-O 6.e3 Nbd7 7.Be2 dxc4 8.Bxc4 c5
9.dxc5 Nxc5 10.O-O Qxd1 11.Rfxd1 b6 12.Bd6 Bxd6 13.Rxd6 Bb7 14.Rad1 Rac8
15.Ne5 Nce4 16.Nxe4 Bxe4 17.b4 Rc7 18.a3 Bb7 19.f3 g6 20.e4 Rfc8 21.R6d4 Kf8
22.h4 h6 23.Kf2 Kg7 24.Ke3 Ra8 25.R1d2 Rac8 26.g3 Ra8 27.Bd3 Rc3 28.a4 Rac8
29.Rc4 R3xc4 30.Nxc4 Rd8 31.b5 Kf8 32.a5 bxa5 33.Ra2 Nd7 34.Nxa5 Nc5 35.Nxb7 Rxd3+
36.Ke2 Rc3 37.Rxa7 Nxb7 38.Rxb7 Rb3 39.e5 Kg7 40.b6 g5 41.h5 g4 42.fxg4 Rb5
43.Kd3 Rxe5 44.Rd7 Rb5 45.b7 Kf6 46.Kc4 Rb1 47.Kc5 Rc1+ 48.Kd6 Rb1 49.Kc7 Rc1+
50.Kd8 Rb1 51.Kc8  1-0

[Event "Zonal 3.4 2013"]
[Site "Osh KGZ"]
[Date "2013.06.15"]
[Round "9"]
[White "Akkozov,B"]
[Black "Markov,M KGZ"]
[Result "1/2-1/2"]
[WhiteElo "2377"]
[BlackElo "2255"]

1.d4 Nf6 2.Nf3 e6 3.c4 d5 4.Nc3 Be7 5.Bf4 c6 6.e3 O-O 7.h3 b6 8.cxd5 exd5
9.Bd3 Bb7 10.O-O Nbd7 11.Rc1 Re8 12.Qc2 Nf8 13.Bh2 Bd6 14.Bxd6 Qxd6 15.Rfd1 N8d7
16.a3 h6 17.Nd2 Rac8 18.b4 Qb8 19.Nb3 Qa8 20.Bf1 Re6 21.Qb1 Ne8 22.a4 Nd6
23.a5 b5 24.Bd3 Rce8 25.Bf5 Nxf5 26.Qxf5 Bc8 27.Ne2 Nf8 28.Qc2 Ng6 29.Rd3 Rf6
30.Ng3 Qb8 31.Rc3 Ne7 32.Qd1 Rd8 33.Nd2 Bd7 34.Nf3 Be8 35.Ne5 Re6 36.Qg4 Red6
37.f4 f6 38.Nd3 Qc8 39.f5 Bd7 40.Rf1 g6 41.e4 dxe4 42.Nxe4 Bxf5 43.Nxd6 Rxd6
44.Qf4 Qd8 45.Qxh6 Rxd4 46.Nc5 Rxb4 47.Rxf5 Rd4  1/2-1/2

[Event "2nd Grand Europe Open 2013"]
[Site "Golden Sands BUL"]
[Date "2013.06.16"]
[Round "7.37"]
[White "Spassov,L"]
[Black "Karthikeyan,M2"]
[Result "0-1"]
[WhiteElo "2335"]
[BlackElo "2435"]

1.d4 Nf6 2.c4 e6 3.Nf3 d5 4.Nc3 Be7 5.Bf4 O-O 6.e3 a6 7.c5 Nc6 8.a3 Nd7 9.b4 Bf6
10.Bg3 g6 11.Be2 Bg7 12.Rc1 h6 13.O-O f5 14.h3 g5 15.Qd2 Nf6 16.Ne5 Bd7 17.f3 f4
18.Nxc6 bxc6 19.Bf2 fxe3 20.Bxe3 Nh5 21.Bd3 Nf4 22.Bb1 e5 23.Rfe1 Qf6 24.dxe5 Qxe5
25.Ne2 Nxe2+ 26.Rxe2 Rae8 27.Bd3 Bc8 28.Bf2 Qf6 29.Rce1 Rxe2 30.Qxe2 Qc3
31.Bxa6 Bf5 32.Bb7 d4 33.Bxc6 d3 34.Qa2+ Kh8 35.Be4 Bxe4 36.fxe4 d2 37.Rd1 Rxf2  0-1

[Event "8th Teplice Open 2013"]
[Site "Teplice CZE"]
[Date "2013.06.16"]
[Round "2.67"]
[White "Schoeppe,Christian"]
[Black "Gungl,T"]
[Result "0-1"]
[WhiteElo "1645"]
[BlackElo "1916"]

1.d4 d5 2.Nf3 Nf6 3.Bf4 e6 4.c4 Be7 5.Nc3 c6 6.a3 dxc4 7.Bxb8 Rxb8 8.Ne5 Qc7
9.Nxc4 O-O 10.e3 Rd8 11.Qc2 a6 12.Bd3 g6 13.Ne5 Bf8 14.h4 c5 15.Ne2 Qa5+
16.Qc3 Qxc3+ 17.bxc3 Nd7 18.Nxd7 Bxd7 19.h5 Bc6 20.hxg6 hxg6 21.f3 e5 22.Bc2 exd4
23.cxd4 Bb5 24.Rh4 Rbc8 25.Kf2 cxd4 26.Nxd4 Rxd4 27.Rxd4 Rxc2+ 28.Kg3 Bc5
29.Rd8+ Kg7 30.a4 Bc6 31.e4 Bb6 32.Rc8 Bd4 33.Rh1 Be5+ 34.Kh4 Rxg2 35.Rd8 Rf2
36.Kg4 Bxa4 37.Rhh8 Rg2+  0-1

[Event "6th Karen Asrian Mem"]
[Site "Jermuk ARM"]
[Date "2013.06.18"]
[Round "3.4"]
[White "Arutinian,D"]
[Black "Chibukhchian,A"]
[Result "1/2-1/2"]
[WhiteElo "2543"]
[BlackElo "2450"]

1.c4 e6 2.Nf3 d5 3.d4 Nf6 4.Nc3 Be7 5.Bf4 O-O 6.e3 Nbd7 7.c5 c6 8.h3 b6 9.b4 bxc5
10.bxc5 Ne4 11.Nxe4  1/2-1/2

[Event "17th Voronezh Master Open"]
[Site "Voronezh RUS"]
[Date "2013.06.18"]
[Round "6.3"]
[White "Sethuraman,S"]
[Black "Korneev,O"]
[Result "0-1"]
[WhiteElo "2560"]
[BlackElo "2617"]

1.d4 d5 2.c4 e6 3.Nf3 Nf6 4.Nc3 Be7 5.Bf4 O-O 6.e3 Nbd7 7.Qc2 c5 8.Rd1 cxd4
9.Rxd4 Nb6 10.Be2 Bc5 11.Rd1 Qe7 12.O-O dxc4 13.Bg5 Qc7 14.Bf4 Qe7 15.Ne5 Nfd5
16.Ne4 Nxf4 17.exf4 Nd5 18.Qxc4 Nxf4 19.Bf3 Bb6 20.Nd6 Qg5 21.Rfe1 Nh3+ 22.Kf1 Nxf2
23.Ndxf7 Rxf7 24.Nxf7 Kxf7 25.Rd6 Qc5 26.Qxc5 Bxc5 27.Rd8 Bb6 28.Rd6 Ke7
29.Rd2 Bd7 30.Rxf2 Bxf2 31.Kxf2 Rc8 32.Bxb7 Rb8 33.Be4 Rxb2+ 34.Re2 Rxe2+
35.Kxe2 h6 36.Ke3 Kd6 37.g3 Kc5 38.Bd3 Bb5 39.Bc2 Kb4 40.Kd4 Bc6 41.g4 Ka3
42.Ke5 Bd5 43.Kd6 a5 44.Ke7 Bxa2  0-1

[Event "FIDE WGP Dilijan 2013"]
[Site "Dilijan ARM"]
[Date "2013.06.19"]
[Round "4.3"]
[White "Koneru,H"]
[Black "Kosintseva,T"]
[Result "1-0"]
[WhiteElo "2597"]
[BlackElo "2526"]

1.d4 Nf6 2.c4 e6 3.Nf3 d5 4.Nc3 Be7 5.Bf4 O-O 6.Qc2 c5 7.dxc5 Na6 8.e3 dxc4
9.Bxc4 Nb4 10.Qb3 Bxc5 11.O-O Qe7 12.Rfd1 Nc6 13.Qc2 Bd7 14.Bg5 Rfd8 15.Ne4 Bb6
16.Bh4 h6 17.Nxf6+ gxf6 18.Nd2 Nb4 19.Qc3 Ba4 20.Ne4 Rxd1+ 21.Rxd1 Bxd1 22.Nxf6+ Qxf6
23.Bxf6 Nc6 24.e4 Kh7 25.Qd3 Bh5 26.Bxe6  1-0

[Event "Gold Coast Open 2013"]
[Site "Gold Coast AUS"]
[Date "2013.06.24"]
[Round "5"]
[White "Ftacnik,L"]
[Black "Wallis,C"]
[Result "1/2-1/2"]
[WhiteElo "2543"]
[BlackElo "2287"]

1.Nf3 Nf6 2.c4 e6 3.Nc3 d5 4.d4 Be7 5.Bf4 O-O 6.e3 Nbd7 7.Rc1 c5 8.dxc5 Nxc5
9.cxd5 Nxd5 10.Nxd5 exd5 11.a3 Bg4 12.Be2 Ne6 13.Be5 Bf6 14.Bxf6 Qxf6 15.Rc2 Bxf3
16.Bxf3 d4 17.Bxb7 Rab8 18.Bd5 dxe3 19.O-O e2 20.Rxe2 Nf4 21.Rd2 Nxd5 22.Rxd5 Rxb2
23.Qd4  1/2-1/2

[Event "Gold Coast Open 2013"]
[Site "Gold Coast AUS"]
[Date "2013.06.24"]
[Round "6"]
[White "Brown,An"]
[Black "Solomon,SJ"]
[Result "0-1"]
[WhiteElo "2291"]
[BlackElo "2401"]

1.d4 d5 2.c4 e6 3.Nc3 Nf6 4.Nf3 Be7 5.Bf4 O-O 6.e3 Nbd7 7.cxd5 Nxd5 8.Nxd5 exd5
9.Bd3 c6 10.O-O Re8 11.Qc2 Nf8 12.Rab1 a5 13.a3 a4 14.Rbc1 g6 15.Nd2 Ne6
16.Bg3 c5 17.dxc5 Nxc5 18.Nf3 b6 19.Bb5 Bd7 20.Bxd7 Qxd7 21.Be5 Rac8 22.Rfd1 Red8
23.Qe2 Qe6 24.Qb5 h5 25.Rd4 g5 26.Bg3 h4 27.Nxh4 gxh4 28.Bxh4 Bxh4 29.Rxh4 Kg7
30.Qb4 Rh8 31.Rg4+ Kf6 32.Qf4+ Ke7 33.Rg5 f6 34.Rg7+ Kf8 35.Rg6 Kf7 36.Rh6 Qe5
37.Qxe5 fxe5 38.Rxb6 Rb8 39.Rc6 Rhc8 40.Rd6 Rd8 41.Rc6 Rbc8 42.Rb6 d4 43.f4 dxe3
44.fxe5 Ke7 45.Re1 Nd3 46.Rb7+ Ke8 47.Kf1 Nxe1 48.Kxe1 Rd2  0-1

[Event "FISCA Open D 2013"]
[Site "Cap Aurora ROU"]
[Date "2013.06.25"]
[Round "4.3"]
[White "Manolache,M"]
[Black "Vasile,Cl"]
[Result "1-0"]
[WhiteElo "2504"]
[BlackElo "2160"]

1.d4 d5 2.c4 e6 3.Nf3 Nf6 4.Nc3 Be7 5.Bf4 O-O 6.e3 c6 7.a3 Nbd7 8.h3 Re8
9.Qc2 Nf8 10.Bd3 Ng6 11.Bg3 dxc4 12.Bxc4 Bd6 13.Ne5 Nd5 14.Ne4 Qa5+ 15.Ke2 Bxe5
16.dxe5 c5 17.Nd6 Rf8 18.Rhd1 Rb8 19.Rac1 Nb6 20.Bd3 c4 21.Nxc4 Nxc4 22.Qxc4 Bd7
23.Qc5 Qxc5 24.Rxc5 Bc6 25.f3 Rfd8 26.Rd2 Rd5 27.Rxd5 Bxd5 28.Rc2 Bc6 29.e4 Kf8
30.f4 Ke8 31.Ke3 Nf8 32.Be1 Nd7 33.Bb4 Rc8 34.Bd6 Nb6 35.b3 Kd7 36.a4 a6
37.Bc5 Na8 38.g4 Nc7 39.Rd2 Ke8 40.Bb6 Na8 41.Ba5 Nc7 42.h4 b5 43.Bc2 Bb7
44.Bd1 Na8 45.axb5 axb5 46.Rd6 Bc6 47.Be2 Bd7 48.Ra6 b4 49.Bd3 Nc7 50.Ra7 Nb5
51.Rxd7  1-0